[Event "2nd Tungsram it"]
[Site "Budapest HUN"]
[Date "1976.08.??"]
[Round "15"]
[White "Barczay, Laszlo"]
[Black "Sax, Gyula"]
[Result "0-1"]
[WhiteElo "2485"]
[BlackElo "2530"]
[EventDate "1976.08.04"]
[PlyCount "138"]

1.e4 c5 2.Nf3 e6 3.d4 cxd4 4.Nxd4 Nf6 5.Nc3 d6 6.Be3 Be7 7.Be2 a6 8.f4 Qc7
9.O-O O-O 10.Kh1 b5 11.e5 dxe5 12.fxe5 Nfd7 13.Bf3 Bb7 14.Bf4 Nc6 15.Nxc6 
Bxc6 16.Qe2 Rac8 17.Rad1 Nb6 18.Bxc6 Qxc6 19.Qg4 Qc4 20.Rde1 f5 21.exf6 
Rxf6 22.Rf3 b4 23.Ne4 Rg6 24.Qh3 Rd8 25.Rd3 Rf8 26.Rf3 Qxc2 27.Bd6 Bxd6 
28.Nxd6 Rxf3 29.Qxf3 Rf6 30.Qh5 h6 31.h3 Kh7 32.Ne4 Rf5 33.Qe8 Nd5 34.Qxe6
Qxg2+ 35.Kxg2 Nf4+ 36.Kg3 Nxe6 37.Rd1 Nf4 38.Rd7 Ne2+ 39.Kg2 Ra5 40.Kf3 
Nc1 41.h4 Rf5+ 42.Kg4 Rf1 43.Ra7 Ne2 44.Nc5 h5+ 45.Kh3 Rh1+ 46.Kg2 Rxh4 
47.Rxa6 Rg4+ 48.Kh2 Nd4 49.Ne6 Nf3+ 50.Kh3 Ng1+ 51.Kh2 h4 52.Nd4 Rxd4 53.
Kxg1 Rd2 54.b3 g5 55.Ra4 Kg6 56.Rxb4 Rxa2 57.Rc4 Rb2 58.b4 Kh5 59.Rd4 g4 
60.Rd5+ Kg6 61.b5 g3 62.Rd3 Kg5 63.Rd4 Rxb5 64.Ra4 h3 65.Ra1 Rd5 66.Kh1 
Rd2 67.Ra5+ Kf4 68.Ra4+ Ke3 69.Ra1 Kf2 0-1

[Event "2nd Tungsram it"]
[Site "Budapest HUN"]
[Date "1976.08.??"]
[Round "15"]
[White "Pinter, Jozsef"]
[Black "Suetin, Alexei"]
[Result "1-0"]
[WhiteElo "2420"]
[BlackElo "2525"]
[EventDate "1976.08.04"]
[PlyCount "73"]

1.e4 c5 2.Nf3 Nc6 3.d4 cxd4 4.Nxd4 Qc7 5.Nc3 e6 6.Be3 a6 7.Bd3 b5 8.Nb3 
Ne5 9.Qe2 Bb7 10.O-O Nf6 11.f4 Nc4 12.Bd4 Bb4 13.e5 Bxc3 14.bxc3 Nd5 15.f5
g6 16.fxg6 hxg6 17.Nc5 f5 18.Qf2 Bc6 19.Qg3 Rg8 20.a4 Qd8 21.axb5 axb5 22.
Rxa8 Qxa8 23.Qh3 Ne7 24.Nb3 Qb8 25.Bxc4 bxc4 26.Nd2 Bd5 27.Qh7 Rf8 28.Bc5 
Rf7 29.Qh8+ Rf8 30.Qh4 Qd8 31.Rb1 Nc6 32.Qh6 d6 33.Bxd6 Rf7 34.Qxg6 Nxe5 
35.Bxe5 Ke7 36.Nxc4 Ba8 37.Bd6+ 1-0

[Event "2nd Tungsram it"]
[Site "Budapest HUN"]
[Date "1976.08.??"]
[Round "15"]
[White "Tatai, Stefano"]
[Black "Haag, Ervin"]
[Result "1/2-1/2"]
[WhiteElo "2465"]
[BlackElo "2430"]
[EventDate "1976.08.04"]
[PlyCount "115"]

1.e4 c6 2.d4 d5 3.exd5 cxd5 4.Bd3 Nc6 5.c3 Nf6 6.Bf4 Bg4 7.Qb3 Qc8 8.Nd2 
e6 9.Ngf3 Be7 10.O-O O-O 11.Ne5 Nxe5 12.dxe5 Nd7 13.Qc2 g6 14.Nb3 Bf5 15.
Nd4 Bxd3 16.Qxd3 Re8 17.Rfe1 a6 18.Qh3 Bf8 19.Nf3 Bg7 20.Bh6 Qc5 21.Rad1 
Rac8 22.Rd4 Bxh6 23.Qxh6 Qf8 24.Qf4 Qe7 25.h4 Rc6 26.h5 Rec8 27.Nh2 Rc4 
28.Ng4 g5 29.Qd2 Kh8 30.Kh2 b5 31.Re3 Rxd4 32.cxd4 f5 33.exf6 Nxf6 34.Nxf6
Qxf6 35.Rf3 Qh6 36.g4 Rf8 37.Qe3 Rxf3 38.Qxf3 Kg8 39.Kg3 Qg7 40.Qe3 Qf6 
41.f4 h6 42.fxg5 hxg5 43.a4 bxa4 44.Kg2 Kh8 45.Qf2 Qe7 46.Kf1 Kg8 47.Qe3 
Kf7 48.Qc3 Qd6 49.Qf3+ Kg7 50.Qe3 Kf6 51.Ke2 Qc7 52.Ke1 Qa5+ 53.Kd1 Qb4 
54.Qc3 Qb8 55.Qf3+ Ke7 56.Qa3+ Kf7 57.Qf3+ Ke7 58.Qa3+ 1/2-1/2

[Event "2nd Tungsram it"]
[Site "Budapest HUN"]
[Date "1976.08.??"]
[Round "15"]
[White "Spiridonov, Nikola"]
[Black "Vadasz, Laszlo"]
[Result "0-1"]
[WhiteElo "2490"]
[BlackElo "2465"]
[EventDate "1976.08.04"]
[PlyCount "96"]

1.Nf3 g6 2.d4 Bg7 3.c4 Nf6 4.Nc3 d5 5.cxd5 Nxd5 6.g3 Nxc3 7.bxc3 c5 8.Bg2 
O-O 9.O-O Nc6 10.e3 Be6 11.Nd2 cxd4 12.cxd4 Bd5 13.Bxd5 Qxd5 14.Qb3 Rfd8 
15.Rb1 Qxb3 16.Rxb3 b6 17.Nf3 Rac8 18.Bb2 Na5 19.Rc3 b5 20.Rxc8 Rxc8 21.
Rc1 Rxc1+ 22.Bxc1 Nc4 23.Kf1 f5 24.Ke2 Bf6 25.Nd2 Kf7 26.Kd3 Na5 27.Nb3 
Nc6 28.Bd2 e5 29.dxe5 Nxe5+ 30.Ke2 Nc4 31.Na5 Ke6 32.Nxc4 bxc4 33.h3 Kd5 
34.Bb4 h5 35.f3 Be5 36.g4 hxg4 37.hxg4 fxg4 38.fxg4 Ke4 39.a4 a6 40.Ba3 
Bc3 41.Bc5 Ba5 42.Bd4 Bb4 43.Bb6 c3 44.Bd4 c2 45.Bb2 g5 46.Bc1 Bc5 47.Kf2 
Kd3 48.Kf3 Bb4 0-1

[Event "2nd Tungsram it"]
[Site "Budapest HUN"]
[Date "1976.08.??"]
[Round "15"]
[White "Szekely, Peter"]
[Black "Vogt, Lothar"]
[Result "0-1"]
[WhiteElo "2460"]
[BlackElo "2480"]
[EventDate "1976.08.04"]
[PlyCount "44"]

1.Nf3 g6 2.e4 Bg7 3.d4 d6 4.Bc4 Nf6 5.Qe2 O-O 6.O-O Bg4 7.e5 Ne8 8.Nc3 Nc6
9.Rd1 Qc8 10.Bf4 Qf5 11.Bg3 Bxf3 12.gxf3 dxe5 13.dxe5 Nxe5 14.Bd5 c6 15.
Be4 Qh5 16.f4 Qxe2 17.Nxe2 Nc4 18.Rd7 Bxb2 19.Rad1 Nf6 20.Rxe7 Ba3 21.Rxb7
Nxe4 22.Bh4 Ncd6 0-1